Ligue 1: 400+ Matches (2000-) - Statistics

General Stats
  • This quiz has been taken 3 times
  • The average score is 10 of 21
Answer Stats
Ranking Player Positions Nationality Matches Goals (assists) Periods Clubs % Correct
5 Dimitri Payet MF, FW 492 103 (115) 2005-2014, 2016-2023
100%
1 Steve Mandanda GK 555 0 (1) 2007-2015, 2017-2025
100%
3 Vitorino Hilton DF 512 20 (11) 2003-2021
100%
17 Benoît Costil GK 407 0 (0) 2007-2008, 2011-2023
67%
2 Florent Balmont MF 512 13 (39) 2002-2020
67%
8 Jimmy Briand MF, FW 483 102 (61) 2002-2013, 2015-2022
67%
7 Mickaël Landreau GK 490 0 (0) 2000-2014
67%
11 Stéphane Ruffier GK 428 0 (0) 2007-2020
67%
4 Sylvain Armand DF 507 19 (14) 2000-2017
67%
10 Benjamin André DF, MF 438 24 (23) 2011-2025
33%
20 Benoît Cheyrou MF 405 30 (44) 2000-2014
33%
21 Blaise Matuidi MF 400 30 (20) 2005-2018
33%
6 Daniel Congré DF 490 14 (9) 2004-2021
33%
9 Étienne Didot MF 460 18 (39) 2001-2019
33%
16 Jaroslav Plašil MF 410 20 (37) 2001-2007, 2009-2019
33%
13 Jérémy Morel DF 425 10 (15) 2006-2022
33%
18 Nicolas Penneteau GK 407 0 (0) 2000-2004, 2006-2014
33%
12 Rio Mavuba MF 426 6 (6) 2003-2017
33%
14 Souleymane Camara FW 423 62 (27) 2001-2006, 2009-2020
33%
19 Benoît Pedretti MF 406 30 (44) 2001-2013, 2016-2017
0%
15 Mathieu Bodmer DF, MF 418 41 (26) 2003-2020
0%
No matching quizzes found
Score Distribution
Percent of People with Each Score
Percentile by Number Answered
Your Score History
You have not taken this quiz